000 00494 a2200169 4500
003 OSt
005 20250610135530.0
008 250528b |||||||| |||| 00| 0 eng d
020 _a9788178064802
040 _coclc
082 _a923.254
_bSWA/N
100 1 _aSwarup, Anil
_910549
245 _aNot just a Civil Servant /
_cAnil Swarup
260 _aNew Delhi:
_bUnicorn Books Pvt Ltd,
_c2019.
300 _a182 pages
942 _2ddc
_cBK
_h923.254
_iSWA/N
_k923.254
_mSWA/N
999 _c44566
_d44566